00370nam a22001337a 450000500170000000800410001704100130005808200130007110000120008424500450009626000360014130000330017765000260021020240424070515.0240424b |||||||| |||| 00| 0 eng d aEnglish  a349 LAW  lEnglish aThe Law Reports : King's Bench Division  aLondon: bLincoln's Inn, c1912 bxxiii, 725 pages ; c25 cm.  aLegal practice bLaw